नंदित नरक में: (Record no. 38731)

MARC details
000 -LEADER
fixed length control field 01311nam a22002537a 4500
005 - DATE AND TIME OF LATEST TRANSACTION
control field 2010080209199.0
010 ## - LCCN (DPL NO)
LC control number HIN-89946
020 ## - INTERNATIONAL STANDARD BOOK NUMBER
International Standard Book Number 9789380044545
Terms of availability 145.00
035 ## - SYSTEM CONTROL NUMBER
System control number HN-62292
037 ## - SOURCE OF ACQUISITION
Source of stock number/acquisition DBAD/PUB
082 ## - DEWEY DECIMAL CLASSIFICATION NUMBER
Classification number
100 ## - MAIN ENTRY--PERSONAL NAME
Personal name हुमायूँ अहमद
245 ## - TITLE STATEMENT
Title नंदित नरक में:
Statement of responsibility, etc हुमायूँ अहमद
Remainder of title उपन्यास /
246 ## - VARYING FORM OF TITLE
Title proper/short title Nandit Narak Mein
Remainder of title by Humayun Ahmed
260 ## - PUBLICATION, DISTRIBUTION, ETC. (IMPRINT)
Place of publication, distribution, etc ग़ाज़ियाबाद (उ.प्र.)
Name of publisher, distributor, etc अंतिका प्रकाशन
Date of publication, distribution, etc 2010
270 ## - ADDRESS
Address सी-56/यूजीएफ-IV, शालीमार गार्डन, एक्स.-II
City ग़ाज़ियाबाद (उ.प्र.)
Postal code 201005
Telephone number 0120-6475212, मो.-09868380797
Electronic mail address antika56@gmail.com
300 ## - PHYSICAL DESCRIPTION
Extent 72पृ.
Dimensions 22सेमी. (सजिल्द)
500 ## - GENERAL NOTE
General note रामलोचन ठाकुर द्वारा मूल बांग्ला से अनुवादित
650 ## - SUBJECT ADDED ENTRY--TOPICAL TERM
Topical term following geographic name as entry element हिन्दी कथा साहित्य
650 ## - SUBJECT ADDED ENTRY--TOPICAL TERM
Topical term following geographic name as entry element Hindi Katha Sahitya
700 ## - ADDED ENTRY--PERSONAL NAME
9 (RLIN) 3937
942 ## - ADDED ENTRY ELEMENTS (KOHA)
Source of classification or shelving scheme Dewey Decimal Classification
Item type Hindi Books
Classification part
Call number suffix हुमायुँ
Holdings
Withdrawn status Lost status Not for loan Collection code Home library Current library Date acquired Source of acquisition Cost, normal purchase price Full call number Barcode Copy number Cost, replacement price Koha item type
    Not For Loan Fiction D.B.Act.Division D.B.Act.Division 02/08/2010 DBAD / PUB 145.00 उ अहम HN-62292 1 145.00 Hindi Books

© Delhi Public Library
Hit Counter
free hit counter